| 000 | 01100cam a22003251a 4500 | ||
|---|---|---|---|
| 001 | 8295818 | ||
| 003 | NUST | ||
| 005 | 20210910121550.0 | ||
| 008 | 810918s1935 enk 000 0 eng | ||
| 010 | _a 35002187 | ||
| 020 |
_a9780007282630 _cRs. 261 |
||
| 035 | _a(OCoLC)7770376 | ||
| 038 | _aArshad | ||
| 040 |
_aDLC _cCLF _dOCoLC _dDLC |
||
| 050 | 0 | 0 |
_aPZ3.C4637 _bMur _aPR6005.H66 |
| 082 | 0 | 0 |
_a823.912 _bCHR |
| 100 | 1 |
_aChristie, Agatha, _d1890-1976. _92976 |
|
| 245 | 1 | 0 |
_aMurder on the Orient Express / _cAgatha Christie. |
| 260 |
_aLondon : _bPub. for the Crime Club, ltd., by Collins, _c2015 |
||
| 300 |
_a254 p. : _c19 cm. |
||
| 500 | _a"First impression, January, 1934...fourth impression, February, 1934." | ||
| 563 | _aPB | ||
| 600 | 1 | 0 |
_aPoirot, Hercule _c(Fictitious character) _vFiction. _911837 |
| 650 | 0 |
_aPrivate investigators _zEngland _vFiction. _911838 |
|
| 650 | 0 |
_aOrient Express (Express train) _vFiction. _911891 |
|
| 655 | 7 |
_aDetective and mystery stories. _2gsafd _92977 |
|
| 906 |
_a7 _bcbc _coclcrpl _du _encip _f19 _gy-gencatlg |
||
| 942 |
_2ddc _cBK |
||
| 999 |
_c478791 _d478791 |
||